000 00369nam a2200157Ia 4500
008 210210b1950 xxu||||| |||| 00| 0 eng d
041 _aeng
082 _a829/1184
100 _aVOLLMOELLER (K)
245 _aLast miracle
260 _aLondon
_bCassell and Company Ltd
_c1950
650 _amiracle
650 _aLast
690 _aEnglish Fiction
906 _a017795
999 _c137779
_d137779